[Event "61st ch-BUL w SF 2012"]
[Site "Plovdiv BUL"]
[Date "2012.02.07"]
[Round "3"]
[White "Ivanova,Si"]
[Black "Sirkova,D"]
[Result "1-0"]
[BlackTitle "WFM"]
[WhiteElo "1972"]
[BlackElo "2086"]
[WhiteFideId "2900548"]
[BlackFideId "2910560"]
[EventDate "2012.02.06"]

1. Nf3 c5 2. c4 g6 3. d4 cxd4 4. Nxd4 Bg7 5. e4 Qb6 6. Nb3 d6 7. Be3 Qd8 8. Qd2
Nf6 9. Nc3 Ng4 10. Bf4 h6 11. Be2 g5 12. Bg3 Nc6 13. h4 gxh4 14. Rxh4 Nge5 15.
Rd1 b6 16. f4 Nd7 17. Bf3 Bb7 18. Qe2 Rg8 19. e5 e6 20. Rg4 dxe5 21. Nb5 Kf8 22.
fxe5 h5 23. Bh4 hxg4 24. Bxd8 gxf3 25. Qxf3 Nxd8 26. Qd3 Bxe5 27. Qxd7 Rxg2 28.
Rd2 Rg1+ 29. Ke2 Bc6 30. Qd3 Nb7 31. N3d4 Rd8 32. Qe3 Rg2+ 33. Kf1 Rxd2 34. Qxd2
Bxb5 35. Qb4+ Nc5 36. Nxb5 a5 37. Qe1 Bxb2 38. Qh4 Rd3 39. Qf4 e5 40. Qf6 Nd7
41. Qh8+ Ke7 42. Ke2 Nc5 43. Nc7 Rd6 44. Nd5+ Kd7 45. Qf8 Ne6 46. Qxf7+ Kc6 47.
Qe8+ Kc5 48. Qb5+ Kd4 49. Qxb2+ Kxc4 50. Nxb6+ Kc5 51. Qxe5+ Kc6 52. Nc4 Nd4+
53. Kf2 Rd5 54. Nxa5+ Kc5 55. Qc7+ Kb4 56. Qc4+ Kxa5 57. Qxd5+ Kb4 58. Qxd4+ Ka3
59. Qb6 Ka4 60. Ke3 Ka3 1-0

[Event "61st ch-BUL w SF 2012"]
[Site "Plovdiv BUL"]
[Date "2012.02.07"]
[Round "3"]
[White "Pencheva,Iva"]
[Black "Chilingirova,P"]
[Result "0-1"]
[BlackTitle "WIM"]
[WhiteElo "1816"]
[BlackElo "2119"]
[WhiteFideId "2906457"]
[BlackFideId "2902214"]
[EventDate "2012.02.06"]

1. e4 c5 2. Nf3 d6 3. d4 Nf6 4. Nc3 cxd4 5. Nxd4 a6 6. Be3 b5 7. f3 e5 8. Nb3
Bb7 9. a3 Be7 10. Qd2 Nbd7 11. O-O-O Qc7 12. g4 h6 13. h4 Rc8 14. Kb1 Nb6 15.
Qf2 Nfd7 16. Rh2 Ba8 17. Qd2 Nc4 18. Bxc4 bxc4 19. Nc1 Rb8 20. Nd5 Bxd5 21. Qxd5
Nf6 22. Qd2 c3 23. Bb6 Rxb6 24. Qd3 Rxb2+ 25. Ka1 Qa5 0-1

[Event "61st ch-BUL w SF 2012"]
[Site "Plovdiv BUL"]
[Date "2012.02.08"]
[Round "4"]
[White "Tsekova,V"]
[Black "Chilingirova,P"]
[Result "1/2-1/2"]
[BlackTitle "WIM"]
[WhiteElo "1859"]
[BlackElo "2119"]
[WhiteFideId "2908476"]
[BlackFideId "2902214"]
[EventDate "2012.02.06"]

1. Nf3 c5 2. g3 b6 3. Bg2 Bb7 4. O-O Nf6 5. Nc3 e6 6. d4 cxd4 7. Nxd4 Bxg2 8.
Kxg2 d5 9. Qd3 Nbd7 10. e4 dxe4 11. Nxe4 Qc7 12. Qf3 Rc8 13. Bg5 Be7 14. Nb5 Qb8
15. Bxf6 Nxf6 16. c3 O-O 17. Nxf6+ Bxf6 18. Rad1 a6 19. Nd6 Rc7 20. Rd3 b5 21.
Ne4 Be7 22. Rfd1 b4 23. cxb4 Qxb4 24. Rd7 Qb6 25. Qd3 f5 26. Rxc7 Qxc7 27. Qd7
Qc4 28. Qxe7 Qxe4+ 29. Kg1 h6 30. Rd7 Qb1+ 31. Kg2 Qxb2 32. Qxe6+ Kh8 33. Qxa6
f4 34. gxf4 Rf6 35. Qd3 Kg8 36. Qb3+ Qxb3 37. axb3 Rb6 38. Rd3 Kf7 39. Kf3 Rb4
40. Ke3 Kf6 41. f3 Kf5 42. Rc3 Kf6 43. Kd2 Rxf4 44. Re3 Rh4 45. Re2 Rf4 46. Ke3
Rb4 47. Rb2 Ke5 48. Kd3 Kf4 49. Kc3 Rb7 50. b4 Kxf3 51. Kc4 g5 52. Kc5 h5 53.
Kc6 Rb8 54. b5 g4 55. b6 h4 56. b7 g3 57. hxg3 hxg3 58. Kc7 Rxb7+ 59. Kxb7 g2
60. Rb1 Kf2 1/2-1/2

[Event "61st ch-BUL w SF 2012"]
[Site "Plovdiv BUL"]
[Date "2012.02.08"]
[Round "4"]
[White "Sirkova,D"]
[Black "Pencheva,Iva"]
[Result "1-0"]
[WhiteTitle "WFM"]
[WhiteElo "2086"]
[BlackElo "1816"]
[WhiteFideId "2910560"]
[BlackFideId "2906457"]
[EventDate "2012.02.06"]

1. f4 d5 2. b3 e6 3. Bb2 Nf6 4. Nf3 c5 5. e3 Nc6 6. Bb5 a6 7. Bxc6+ bxc6 8. d3
Be7 9. O-O O-O 10. Ne5 Qb6 11. Rf3 Ne8 12. Nc3 f6 13. Na4 Qc7 14. Ng4 e5 15. f5
Nd6 16. Qf1 h5 17. Nf2 Nxf5 18. g4 Nh6 19. gxh5 Bd6 20. e4 Be6 21. Kh1 Kh7 22.
Qg2 Qf7 23. Rg1 Rg8 24. Qg6+ Qxg6 25. hxg6+ Kh8 26. Ba3 Rgf8 27. Nxc5 Bxc5 28.
Bxc5 Rfe8 29. Rgg3 Kg8 30. c4 dxc4 31. dxc4 a5 32. a4 Rab8 33. Ba3 Red8 34. Bc1
Rf8 35. Bd2 Ra8 36. Rd3 f5 37. Rd6 f4 38. Rg5 Rad8 39. Rxd8 Rxd8 40. Bxa5 Rb8
41. Rxe5 Bg4 42. Kg2 Be2 43. Bc7 f3+ 44. Kg3 Rc8 45. a5 Kh8 46. Bb6 Ng8 47. Rh5+
Nh6 48. Bd4 Kg8 49. Re5 Kf8 50. a6 Ra8 51. a7 Rd8 52. Bc5+ Kg8 53. Be7 1-0

[Event "61st ch-BUL w SF 2012"]
[Site "Plovdiv BUL"]
[Date "2012.02.08"]
[Round "4"]
[White "Salimova,Nurgyul"]
[Black "Ivanova,Si"]
[Result "1/2-1/2"]
[WhiteTitle "WFM"]
[WhiteElo "1737"]
[BlackElo "1972"]
[WhiteFideId "2915138"]
[BlackFideId "2900548"]
[EventDate "2012.02.06"]

1. d4 d5 2. c4 dxc4 3. Nf3 Nf6 4. Nc3 e6 5. Bg5 c5 6. e3 Be7 7. Bxc4 O-O 8. O-O
cxd4 9. exd4 a6 10. Bb3 Nc6 11. Qd2 Qa5 12. Be3 b5 13. Rac1 Bb7 14. Rfd1 Rfd8
15. Qe2 Nb4 16. Ne5 Rac8 17. h3 Nbd5 18. Nxd5 Nxd5 19. Qg4 Bf6 20. Nd3 Nxe3 21.
fxe3 Rxc1 22. Nxc1 Bd5 23. Bxd5 exd5 24. a3 b4 25. Nb3 Qb5 26. Nc5 bxa3 27. bxa3
g6 28. Rf1 Bg7 29. Qf3 Qe8 30. Nxa6 Bh6 31. Re1 Qe7 32. Nc5 Qa7 33. Qf6 Re8 34.
Qf3 Qxa3 35. Kf2 Bg5 36. g3 Qc3 37. Re2 Bxe3+ 38. Rxe3 Qxd4 39. Nd7 Qb2+ 40. Qe2
Qd4 41. Qd3 Re4 42. Qxd4 Rxd4 43. Re5 Kg7 44. Nb6 h5 45. Rxd5 Rb4 46. Nd7 h4 47.
g4 Rb2+ 48. Kg1 Rb1+ 49. Kg2 Rb2+ 50. Kg1 Rb1+ 1/2-1/2

[Event "61st ch-BUL w SF 2012"]
[Site "Plovdiv BUL"]
[Date "2012.02.08"]
[Round "4"]
[White "Galunova,T"]
[Black "Radeva,Viktoria"]
[Result "1-0"]
[BlackTitle "WCM"]
[WhiteElo "2040"]
[BlackElo "1760"]
[WhiteFideId "2909995"]
[BlackFideId "2915405"]
[EventDate "2012.02.06"]

1. e4 c6 2. d4 d5 3. exd5 cxd5 4. c4 Nf6 5. Nc3 e6 6. Nf3 Nc6 7. Bd3 Be7 8. O-O
O-O 9. a3 a5 10. Re1 h6 11. Qb3 Re8 12. h3 Rf8 13. c5 Nd7 14. Bf4 b6 15. Bb5 Bb7
16. Qa4 Rc8 17. b4 axb4 18. axb4 bxc5 19. bxc5 Bf6 20. Bd6 Re8 21. Ne5 Ndxe5 22.
dxe5 Bg5 23. Ne2 Ra8 24. Qg4 Ra5 25. Bd3 Qa8 26. Rxa5 Qxa5 27. Rb1 Ba6 28. Bxa6
Qxa6 29. Ng3 Qa2 30. Rf1 Kh7 31. Nh5 g6 32. Qf3 Qa7 33. Nf6+ Bxf6 34. Qxf6 Nd4
35. Kh2 Kg8 36. Rb1 Nf5 37. Rb5 Qa2 38. Rb7 Nxd6 39. exd6 Rf8 40. d7 Qa8 41. c6
d4 42. Qxd4 Kh7 43. Qd6 Rg8 44. Rb5 Qa4 45. c7 1-0

[Event "61st ch-BUL w SF 2012"]
[Site "Plovdiv BUL"]
[Date "2012.02.08"]
[Round "4"]
[White "Atanasova,Elitsa"]
[Black "Vasileva,C"]
[Result "0-1"]
[WhiteElo "1732"]
[BlackElo "1577"]
[WhiteFideId "2913690"]
[BlackFideId "2904250"]
[EventDate "2012.02.06"]

1. d4 e6 2. Nf3 d5 3. c4 Bb4+ 4. Bd2 a5 5. g3 dxc4 6. Bg2 c6 7. O-O Ne7 8. e4
O-O 9. a3 Bd6 10. Nc3 f6 11. a4 e5 12. Qe2 Be6 13. Be3 exd4 14. Nxd4 Bf7 15. f4
Bc5 16. Rad1 Qb6 17. Nc2 Na6 18. Rd7 Nb4 19. Rxe7 Nxc2 20. Qxc2 Bxe3+ 21. Kh1
Rfd8 22. Rd1 Rxd1+ 23. Nxd1 Rd8 24. Nxe3 Qxe3 25. Qb1 Qb3 26. Qg1 Rd1 27. Bf1
Qf3+ 28. Qg2 Rxf1# 0-1

[Event "61st ch-BUL w SF 2012"]
[Site "Plovdiv BUL"]
[Date "2012.02.09"]
[Round "5"]
[White "Vasileva,C"]
[Black "Tsekova,V"]
[Result "0-1"]
[WhiteElo "1577"]
[BlackElo "1859"]
[WhiteFideId "2904250"]
[BlackFideId "2908476"]
[EventDate "2012.02.06"]

1. d4 Nf6 2. c4 g6 3. Nc3 d5 4. Nf3 Bg7 5. e3 O-O 6. Qb3 dxc4 7. Bxc4 Nc6 8. Ng5
e6 9. Nxf7 Rxf7 10. Bxe6 Bxe6 11. Qxe6 Qd7 12. Qc4 Kh8 13. O-O Rd8 14. b4 Nd5
15. Rb1 Nxc3 16. Qxc3 Ne7 17. Qc5 b6 18. Qc4 Nf5 19. Bb2 Nh4 20. f3 Nf5 21. Bc1
Re7 22. Rb3 Rde8 23. Kh1 Nxe3 24. Rxe3 Rxe3 25. Bxe3 Rxe3 26. d5 Re5 27. Rd1 Qe7
28. g3 h6 29. a3 a5 30. bxa5 Qxa3 31. Qg4 Qxa5 32. Qxg6 Re1+ 33. Kg2 Re7 34. d6
cxd6 35. Rxd6 b5 36. Rd5 Qa2+ 37. Kh3 Qxd5 38. Qb6 Qe6+ 39. Qxe6 Rxe6 0-1

[Event "61st ch-BUL w SF 2012"]
[Site "Plovdiv BUL"]
[Date "2012.02.09"]
[Round "5"]
[White "Radeva,Viktoria"]
[Black "Atanasova,Elitsa"]
[Result "1-0"]
[WhiteTitle "WCM"]
[WhiteElo "1760"]
[BlackElo "1732"]
[WhiteFideId "2915405"]
[BlackFideId "2913690"]
[EventDate "2012.02.06"]

1. e4 e5 2. Nf3 Nc6 3. d4 exd4 4. Bc4 Nf6 5. O-O Nxe4 6. Re1 d5 7. Bxd5 Qxd5 8.
Nc3 Qa5 9. Nxe4 Be6 10. Bd2 Qd5 11. Neg5 O-O-O 12. Nxe6 fxe6 13. Ng5 e5 14. Qg4+
Qd7 15. Qf3 Bd6 16. c3 h6 17. Ne4 Rhf8 18. Qe2 Be7 19. cxd4 Nxd4 20. Qd1 Kb8 21.
Rc1 Qb5 22. b3 Bb4 23. Qg4 Bxd2 24. Nxd2 g5 25. Nc4 Rde8 26. Qg3 Rf4 27. Qc3 a6
28. Na5 Qb6 29. Nc4 Qb5 30. Na5 Qb6 31. Nc4 Qf6 32. Nxe5 Rxe5 33. Qxc7+ Ka7 34.
Rxe5 Qb6 35. Qxb6+ Kxb6 36. Kf1 g4 37. Rh5 Rf6 38. Rc4 Nf5 39. Rf4 Rc6 40. Rfxf5 1-0

[Event "61st ch-BUL w SF 2012"]
[Site "Plovdiv BUL"]
[Date "2012.02.09"]
[Round "5"]
[White "Ivanova,Si"]
[Black "Galunova,T"]
[Result "1-0"]
[WhiteElo "1972"]
[BlackElo "2040"]
[WhiteFideId "2900548"]
[BlackFideId "2909995"]
[EventDate "2012.02.06"]

1. Nf3 Nf6 2. c4 c6 3. Nc3 d5 4. e3 e6 5. b3 Nbd7 6. Qc2 Bd6 7. Bb2 O-O 8. Be2
a6 9. Rg1 b5 10. g4 bxc4 11. bxc4 Nc5 12. g5 Ne8 13. d4 Nd7 14. e4 dxc4 15. e5
Bb4 16. a3 Ba5 17. Bxc4 Rb8 18. Rg4 Nb6 19. Bd3 g6 20. Kf1 Bb7 21. Ne4 c5 22.
dxc5 Na4 23. Bd4 Bd5 24. Kg2 Bb3 25. Qe2 Qc8 26. h4 Nc7 27. Nf6+ Kg7 28. h5 Nb5
29. hxg6 fxg6 30. Rh1 Rh8 31. Rgh4 Nxd4 32. Rxh7+ Rxh7 33. Rxh7+ Kf8 34. Nxd4
Bd8 35. Bxa6 Nc3 36. Qd3 1-0

[Event "61st ch-BUL w SF 2012"]
[Site "Plovdiv BUL"]
[Date "2012.02.09"]
[Round "5"]
[White "Chilingirova,P"]
[Black "Sirkova,D"]
[Result "1-0"]
[WhiteTitle "WIM"]
[BlackTitle "WFM"]
[WhiteElo "2119"]
[BlackElo "2086"]
[WhiteFideId "2902214"]
[BlackFideId "2910560"]
[EventDate "2012.02.06"]

1. d4 d5 2. c4 e6 3. Nf3 Nf6 4. Nc3 Be7 5. e3 O-O 6. Be2 c6 7. O-O Nbd7 8. Qc2
Re8 9. e4 dxe4 10. Nxe4 Qc7 11. Bg5 h6 12. Bh4 Nxe4 13. Qxe4 Bxh4 14. Qxh4 c5
15. Rfd1 b6 16. Qg3 e5 17. dxe5 Nxe5 18. Nxe5 Rxe5 19. Bf3 Rb8 20. Rd5 Re7 21.
Qxc7 Rxc7 22. Rd8+ Kh7 23. Re1 b5 24. Ree8 bxc4 25. h4 g6 26. Kh2 h5 27. Bd5 Be6
28. Rxb8 Bxd5 29. Rec8 Rd7 30. Rxc5 Be6 31. a4 Rd6 32. Rb7 Ra6 33. a5 Kg7 34.
Kg3 Kf6 35. Rbc7 Rd6 36. Rxa7 Rd3+ 37. f3 Rb3 38. a6 Rxb2 39. Ra5 Rb8 40. Rb7
Ra8 41. a7 c3 42. Rc7 Bc8 43. Rxc8 Rxc8 44. a8=Q Rxa8 45. Rxa8 Ke5 46. Rc8 Kd4
47. Rc7 f6 48. Rc6 1-0

[Event "61st ch-BUL w SF 2012"]
[Site "Plovdiv BUL"]
[Date "2012.02.09"]
[Round "6"]
[White "Tsekova,V"]
[Black "Sirkova,D"]
[Result "1-0"]
[BlackTitle "WFM"]
[WhiteElo "1859"]
[BlackElo "2086"]
[WhiteFideId "2908476"]
[BlackFideId "2910560"]
[EventDate "2012.02.06"]

1. Nf3 c5 2. g3 Nc6 3. c4 g6 4. Bg2 Bg7 5. O-O d6 6. Nc3 h6 7. d3 Rb8 8. Bd2 g5
9. Rb1 Bd7 10. a3 a5 11. Nb5 g4 12. Ne1 Ne5 13. b4 axb4 14. axb4 Bc6 15. bxc5
dxc5 16. Bc3 Bf6 17. Qa4 Ra8 18. Qxa8 1-0

[Event "61st ch-BUL w SF 2012"]
[Site "Plovdiv BUL"]
[Date "2012.02.09"]
[Round "6"]
[White "Salimova,Nurgyul"]
[Black "Chilingirova,P"]
[Result "0-1"]
[WhiteTitle "WFM"]
[BlackTitle "WIM"]
[WhiteElo "1737"]
[BlackElo "2119"]
[WhiteFideId "2915138"]
[BlackFideId "2902214"]
[EventDate "2012.02.06"]

1. d4 Nf6 2. c4 g6 3. Nc3 d5 4. Nf3 Bg7 5. Bg5 Ne4 6. cxd5 Nxc3 7. bxc3 Qxd5 8.
Bf4 Qa5 9. Qd2 c5 10. e3 Nc6 11. Be2 Bg4 12. O-O cxd4 13. exd4 O-O 14. h3 Bxf3
15. Bxf3 Rac8 16. Rac1 e6 17. Rfe1 Rfd8 18. Qe2 Rd7 19. Bg4 Nd8 20. Qb2 Bf8 21.
Qb3 Rd5 22. Re5 Rxe5 23. Bxe5 Bg7 24. Bxg7 Kxg7 25. d5 f5 26. Bf3 e5 27. Qb2 Qb6
28. Qd2 Qd6 29. c4 b6 30. h4 Nf7 31. h5 g5 32. a4 e4 33. Be2 Rc5 34. Qd4+ Qe5
35. Qd2 h6 36. Rd1 Nd6 37. Rc1 Ra5 38. Qc2 Kf6 39. Re1 g4 40. Qd2 Kg7 41. Qc2
Kh7 42. Qb3 Rc5 43. Rd1 Kg7 44. Qa2 Qc3 45. Qd2 Qxd2 46. Rxd2 Kf6 47. Rc2 Kg5
48. Rc1 Kxh5 49. g3 Kg5 50. Rc2 h5 51. Rc1 f4 52. gxf4+ Kxf4 53. Rc3 Ke5 54. Rc1
Ra5 55. Bd1 Kd4 56. Bb3 e3 57. fxe3+ Kxe3 58. Re1+ Kd4 59. Rc1 Kc5 60. Ra1 Kb4
61. Rb1 Kc3 62. Kg2 h4 63. Kh2 Rc5 64. Ba2 Rc8 65. Kg2 Re8 66. Kg1 Re2 67. Bb3
g3 68. Kh1 h3 69. Kg1 Rb2 70. Rxb2 Kxb2 71. Bd1 Nxc4 72. Be2 Nd6 73. Bg4 h2+ 74.
Kg2 Kb3 75. Bf3 Kxa4 76. Kxg3 Kb4 77. Kxh2 a5 0-1

[Event "61st ch-BUL w SF 2012"]
[Site "Plovdiv BUL"]
[Date "2012.02.09"]
[Round "6"]
[White "Galunova,T"]
[Black "Pencheva,Iva"]
[Result "1-0"]
[WhiteElo "2040"]
[BlackElo "1816"]
[WhiteFideId "2909995"]
[BlackFideId "2906457"]
[EventDate "2012.02.06"]

1. e4 e6 2. d4 d5 3. exd5 exd5 4. Nf3 Nf6 5. c4 Bb4+ 6. Nc3 O-O 7. Bd3 h6 8. O-O
c6 9. a3 Bxc3 10. bxc3 Be6 11. Ne5 dxc4 12. Nxc4 Nd5 13. Bc2 Na6 14. Qd3 Nf6 15.
Bf4 Bxc4 16. Qxc4 Nd5 17. Qd3 f5 18. Be5 Qd7 19. Rab1 Rad8 20. c4 Ne7 21. Qb3 b6
22. Qa4 Nb8 23. Rfd1 Ng6 24. Bxb8 Rxb8 25. d5 Ne7 26. dxc6 Qxc6 27. Qxa7 Rb7 28.
Qa6 Rfb8 29. h3 Qc7 30. Qb5 Qc5 31. Rb4 g6 32. Rdb1 Qxb5 33. Rxb5 Nc6 34. Bd1
Na7 35. R5b2 b5 36. Bf3 Rb6 37. Rb4 Kf8 38. a4 Ke7 39. cxb5 Kd6 40. Rc1 g5 41.
Rd4+ Ke6 42. Rdc4 Rd8 43. Rc7 Rd7 44. R1c5 Rb8 45. Rxd7 Kxd7 46. Rxf5 1-0

[Event "61st ch-BUL w SF 2012"]
[Site "Plovdiv BUL"]
[Date "2012.02.09"]
[Round "6"]
[White "Atanasova,Elitsa"]
[Black "Ivanova,Si"]
[Result "1/2-1/2"]
[WhiteElo "1732"]
[BlackElo "1972"]
[WhiteFideId "2913690"]
[BlackFideId "2900548"]
[EventDate "2012.02.06"]

1. d4 d5 2. Nf3 Nf6 3. e3 Bg4 4. Be2 e6 5. O-O Bd6 6. Nbd2 O-O 7. c4 c6 8. b3
Nbd7 9. Bb2 Qe7 10. Ne5 Bxe2 11. Qxe2 Ne4 12. Ndf3 f6 13. Nxd7 Qxd7 14. Nd2 f5
15. f4 Rf6 16. Nf3 Kh8 17. a4 a5 18. Ba3 Bb4 19. Bxb4 axb4 20. Ne5 Qc7 21. c5
Rh6 22. Qe1 Rg8 23. Ra2 g5 24. g3 gxf4 25. Rxf4 Ng5 26. Kh1 Qg7 27. Rg2 Ne4 28.
Kg1 Ng5 29. Kh1 Ne4 30. Kg1 Rh3 31. Nf3 Nf6 32. Rh4 Rxh4 33. Nxh4 Ng4 34. Re2
Qh6 35. Nf3 Rg7 36. Nd2 Qh5 37. Nf1 Nf6 38. Rg2 Ne4 39. Nd2 Ng5 40. Kh1 Rg6 41.
Qe2 Qh6 42. Qf2 Nh3 1/2-1/2

[Event "61st ch-BUL w SF 2012"]
[Site "Plovdiv BUL"]
[Date "2012.02.09"]
[Round "6"]
[White "Vasileva,C"]
[Black "Radeva,Viktoria"]
[Result "0-1"]
[BlackTitle "WCM"]
[WhiteElo "1577"]
[BlackElo "1760"]
[WhiteFideId "2904250"]
[BlackFideId "2915405"]
[EventDate "2012.02.06"]

1. d4 Nf6 2. c4 g6 3. Nc3 Bg7 4. e4 d6 5. f4 O-O 6. Be2 e5 7. dxe5 dxe5 8. Qxd8
Rxd8 9. fxe5 Nfd7 10. Bg5 Re8 11. Nf3 Nxe5 12. O-O Nxf3+ 13. Bxf3 Bd4+ 14. Kh1
Bxc3 15. bxc3 Be6 16. Rfd1 Bxc4 17. Rd4 Be6 18. Rb4 Bc8 19. Rd1 Nc6 20. Rb2 Ne5
21. Be2 b6 22. Rbd2 Bb7 23. Rd8 Raxd8 24. Bxd8 c5 25. Bf3 Nxf3 26. gxf3 f5 27.
Kg2 fxe4 28. fxe4 Rxe4 29. Kf2 Rf4+ 30. Ke1 Rf7 31. Bg5 Ba6 32. Kd2 Bc4 33. a3
Rd7+ 34. Ke1 Rxd1+ 35. Kxd1 Kf7 36. Bf4 a6 37. Kc2 Ke6 38. Kd2 Kd5 39. Bc7 b5
40. Ke3 Bf1 41. Kd2 Ke4 42. Bd6 c4 43. Ke1 Bh3 44. Kd2 Kf3 45. Bc7 g5 46. Bd8 g4
47. Bg5 h5 48. Bh4 Bf1 49. Bg3 Bd3 50. Bh4 Kg2 51. Bg3 h4 52. Bxh4 Kxh2 53. Ke3
g3 54. Kd4 g2 55. Bf2 g1=Q 56. Bxg1+ Kxg1 57. Kc5 Bc2 58. Kb6 Ba4 59. Kxa6 Kf2
60. Kb6 Ke3 61. Kc5 Kd3 62. Kb4 Kc2 0-1

[Event "61st ch-BUL w SF 2012"]
[Site "Plovdiv BUL"]
[Date "2012.02.10"]
[Round "7"]
[White "Radeva,Viktoria"]
[Black "Tsekova,V"]
[Result "1-0"]
[WhiteTitle "WCM"]
[WhiteElo "1760"]
[BlackElo "1859"]
[WhiteFideId "2915405"]
[BlackFideId "2908476"]
[EventDate "2012.02.06"]

1. e4 c5 2. Nf3 e6 3. g3 Nc6 4. d3 g6 5. Bg2 Bg7 6. O-O Nge7 7. Nc3 d6 8. Nd2
O-O 9. Ne2 Rb8 10. f4 b5 11. Kh1 Bb7 12. g4 f5 13. gxf5 exf5 14. Qe1 Nd4 15.
Nxd4 cxd4 16. Nf3 Re8 17. Ng5 Nc6 18. Qf2 h6 19. exf5 Ne7 20. Ne6 Qd7 21. Nxg7
Kxg7 22. Qxd4+ Kh7 23. fxg6+ Nxg6 24. f5 Bxg2+ 25. Kxg2 Qc6+ 26. Kh3 Ne5 27. Qh4
d5 28. Bf4 Rbc8 29. Rae1 Nf7 30. Re7 Kg8 31. Rfe1 Rxe7 32. Rxe7 Qxc2 33. Qf6 1-0

[Event "61st ch-BUL w SF 2012"]
[Site "Plovdiv BUL"]
[Date "2012.02.10"]
[Round "7"]
[White "Ivanova,Si"]
[Black "Vasileva,C"]
[Result "0-1"]
[WhiteElo "1972"]
[BlackElo "1577"]
[WhiteFideId "2900548"]
[BlackFideId "2904250"]
[EventDate "2012.02.06"]

1. Nf3 c5 2. c4 Nc6 3. d4 cxd4 4. Nxd4 e6 5. Nc3 Nf6 6. Bg5 Be7 7. e3 h6 8. Bh4
d5 9. cxd5 Nxd4 10. Qxd4 exd5 11. Be2 O-O 12. O-O Be6 13. Rfd1 b6 14. Bf3 Rc8
15. Qd2 Rc5 16. Rac1 a5 17. Ne2 g5 18. Nd4 gxh4 19. Nxe6 fxe6 20. Qd4 Rxc1 21.
Rxc1 Nh7 22. Bg4 Rf6 23. Rc6 Nf8 24. Bh3 Rg6 25. Qe5 Qd7 26. Rxb6 Bc5 27. Rb3
Bd6 28. Qd4 Qg7 29. Qxh4 Qe5 30. f4 Qe4 31. Bg4 d4 32. Qh3 dxe3 33. Be2 Qb1+ 34.
Bf1 e2 0-1

[Event "61st ch-BUL w SF 2012"]
[Site "Plovdiv BUL"]
[Date "2012.02.10"]
[Round "7"]
[White "Pencheva,Iva"]
[Black "Atanasova,Elitsa"]
[Result "1-0"]
[WhiteElo "1816"]
[BlackElo "1732"]
[WhiteFideId "2906457"]
[BlackFideId "2913690"]
[EventDate "2012.02.06"]

1. e4 c5 2. Nc3 d6 3. f4 g6 4. Nf3 Bg7 5. Bb5+ Bd7 6. Bxd7+ Qxd7 7. O-O Nc6 8.
d3 e6 9. Ne2 Nge7 10. c3 O-O 11. Qe1 d5 12. e5 d4 13. c4 Nb4 14. Qd1 Nf5 15. a3
Nc6 16. Ng3 Nxg3 17. hxg3 Ne7 18. Qe2 b5 19. b3 bxc4 20. bxc4 Rab8 21. Ng5 Rb3
22. Ne4 Qc7 23. g4 Rfb8 24. Nd6 a6 25. Ne4 Nc8 26. Nd2 R3b6 27. Rf3 Ne7 28. Ne4
Rb1 29. Rxb1 Rxb1 30. Qc2 Rb8 31. Bd2 Qb6 32. Be1 Nc6 33. Rf2 Qb1 34. Qxb1 Rxb1
35. Rf1 Bf8 36. Bh4 Rb3 37. Nf6+ Kh8 38. Nd7 Kg8 39. Nf6+ Kh8 40. Nd7 Kg8 41. f5
exf5 42. gxf5 Rxd3 43. e6 fxe6 44. fxe6 Be7 45. Bxe7 Nxe7 46. Rf8+ Kg7 47. Rf7+
Kh6 48. Rxe7 Re3 49. Nxc5 d3 50. Rd7 1-0

[Event "61st ch-BUL w SF 2012"]
[Site "Plovdiv BUL"]
[Date "2012.02.10"]
[Round "7"]
[White "Chilingirova,P"]
[Black "Galunova,T"]
[Result "1/2-1/2"]
[WhiteTitle "WIM"]
[WhiteElo "2119"]
[BlackElo "2040"]
[WhiteFideId "2902214"]
[BlackFideId "2909995"]
[EventDate "2012.02.06"]

1. d4 d5 2. Nf3 Nf6 3. c4 c6 4. cxd5 cxd5 5. Nc3 Nc6 6. Bf4 Bf5 7. e3 e6 8. Bd3
Bxd3 9. Qxd3 Bd6 10. Bxd6 Qxd6 11. O-O O-O 12. Rac1 Rac8 13. Ne2 Ne7 14. Rc3 Rc6
15. Rfc1 Rfc8 16. h3 h6 17. Rxc6 Rxc6 18. Rxc6 Qxc6 19. Qc3 Qxc3 20. Nxc3 Nc6
21. Kf1 Kf8 22. Ke2 a6 23. a3 Ke7 24. Na4 Na5 25. Nc5 Nc4 26. Nxb7 Nxb2 27. Nc5
Nc4 28. Nxa6 Nxa3 29. Nc5 Nc4 30. Nd2 Nxd2 31. Kxd2 Nd7 32. Nd3 Nb8 33. Ne5 Nd7
34. Nc6+ Kd6 35. Nb4 Nf6 36. Nd3 Ne4+ 37. Ke2 Nc3+ 38. Ke1 Na4 39. Kd2 Nb6 40.
Ke2 Nc4 41. Nf4 Ke7 42. Nd3 1/2-1/2

[Event "61st ch-BUL w SF 2012"]
[Site "Plovdiv BUL"]
[Date "2012.02.10"]
[Round "7"]
[White "Sirkova,D"]
[Black "Salimova,Nurgyul"]
[Result "1-0"]
[WhiteTitle "WFM"]
[BlackTitle "WFM"]
[WhiteElo "2086"]
[BlackElo "1737"]
[WhiteFideId "2910560"]
[BlackFideId "2915138"]
[EventDate "2012.02.06"]

1. e4 e5 2. Bc4 Nc6 3. Nf3 Bc5 4. a3 d6 5. O-O Nf6 6. d3 Bg4 7. c3 O-O 8. Nbd2
Ne7 9. Re1 Qd7 10. Nf1 Ng6 11. d4 exd4 12. cxd4 Bxf3 13. gxf3 Bb6 14. Be2 Nh5
15. Ng3 Nhf4 16. Be3 Ba5 17. b4 Bb6 18. Bf1 Qe7 19. Kh1 Qf6 20. Nf5 d5 21. Qd2
dxe4 22. fxe4 Ne6 23. Bh3 Rad8 24. e5 Nxe5 25. dxe5 Rxd2 26. exf6 Bxe3 27. fxg7
Rfd8 28. fxe3 1-0

[Event "61st ch-BUL w SF 2012"]
[Site "Plovdiv BUL"]
[Date "2012.02.11"]
[Round "8"]
[White "Tsekova,V"]
[Black "Salimova,Nurgyul"]
[Result "1-0"]
[BlackTitle "WFM"]
[WhiteElo "1859"]
[BlackElo "1737"]
[WhiteFideId "2908476"]
[BlackFideId "2915138"]
[EventDate "2012.02.06"]

1. Nf3 Nc6 2. d4 e6 3. g3 Nf6 4. Bg2 d5 5. O-O Be7 6. c4 O-O 7. Ne5 Nb8 8. Nc3
c6 9. Bf4 Nbd7 10. Qd3 Re8 11. Rad1 Nf8 12. e4 dxe4 13. Nxe4 Ng6 14. Nxg6 hxg6
15. Nc3 Bd6 16. Bg5 Be7 17. Qf3 Nh7 18. Be3 Bg5 19. d5 cxd5 20. cxd5 Qe7 21. d6
Qd7 22. Ne4 Bxe3 23. fxe3 b6 24. Nc5 bxc5 25. Qxa8 Ba6 26. Qc6 Qxc6 27. Bxc6 Rd8
28. Rf2 Nf6 29. Rc2 c4 30. h3 e5 31. b3 cxb3 32. axb3 e4 33. Rd4 Bd3 34. Rc5 Kf8
35. Ba4 Ba6 36. Rc7 Ra8 37. d7 Rd8 38. Rxa7 Bd3 39. Rc7 Ba6 40. Rd6 1-0

[Event "61st ch-BUL w SF 2012"]
[Site "Plovdiv BUL"]
[Date "2012.02.11"]
[Round "8"]
[White "Galunova,T"]
[Black "Sirkova,D"]
[Result "1/2-1/2"]
[BlackTitle "WFM"]
[WhiteElo "2040"]
[BlackElo "2086"]
[WhiteFideId "2909995"]
[BlackFideId "2910560"]
[EventDate "2012.02.06"]

1. e4 g6 2. d4 Bg7 3. Nc3 d6 4. f4 c6 5. Nf3 Bg4 6. Be3 h5 7. h3 Bxf3 8. Qxf3
Nd7 9. e5 h4 10. Bd3 Nf8 11. O-O-O d5 12. f5 gxf5 13. Bxf5 e6 14. Bd3 Bh6 15.
Rhf1 Bxe3+ 16. Qxe3 Nh6 17. Rf6 Ng8 18. Rf3 Nd7 19. Ne2 Qe7 20. Rdf1 Nh6 21. Nf4
O-O-O 22. Kb1 Rdg8 23. Qe1 Kb8 24. Qa5 Rg5 25. R3f2 c5 26. c3 Rc8 27. Qa3 Qd8
28. b4 Qb6 29. Qb2 cxd4 30. cxd4 Qd8 31. Rc2 Nb6 32. Rxc8+ Qxc8 33. Rf2 Nf5 34.
Rc2 Qd8 35. Bxf5 Rxf5 36. Nd3 Nc4 37. Qc3 Qg5 38. a4 Rf1+ 39. Ka2 Rg1 40. Nb2
Rxg2 41. Nxc4 Rxc2+ 42. Qxc2 dxc4 43. Kb2 Qg3 44. Qc3 Qg2+ 45. Ka3 b6 46. b5 Qd5
47. Qe3 a5 48. bxa6 Qa5 49. Qf3 Qxa6 50. Qxf7 Qc8 51. Qf2 Qd8 52. Kb4 Kb7 53.
Kxc4 Ka6 54. Kb4 Qe7+ 55. Kb3 Qg5 56. Qe2+ Ka7 57. Qc2 Qd8 58. Qc4 Qd7 59. Kc3
Kb7 60. Qb4 Qc7+ 61. Kb3 Qf7 62. Qc3 Qf1 63. Kb2 Qf5 64. Qe3 Kc6 65. Kc3 Kd7 66.
Qd3 Qf4 67. Qh7+ Kc6 68. Qd3 Kb7 1/2-1/2